Mastering color and design in watercolor /

Bibliographic Details
Main Author: Schink, Christopher, 1936-
Format: Book
Language:English
Published: New York : Watson/Guptill, 1981.
Subjects:

MARC

Tag First Indicator Second Indicator Subfields
LEADER 00000pam a2200000 a 4500
001 in00000085892
005 20151008064336.0
008 801107s1981 nyua b 00110 engm
010 |a  80027118  
020 |a 0823030156 
035 |a (OCoLC)07170464 
035 |9 AAK4000AM 
040 |a DLC  |c DLC  |d m.c.  |d TXA  |d UtOrBLW 
049 |a TXAM  |c [1672935] 
050 0 0 |a ND2420  |b .S33 1981 
082 0 |a 751.42/2  |2 19 
100 1 |a Schink, Christopher,  |d 1936- 
245 1 0 |a Mastering color and design in watercolor /  |c by Christopher Schink. 
264 1 |a New York :  |b Watson/Guptill,  |c 1981. 
300 |a 144 pages :  |b illustrations (some color) ;  |c 32 cm. 
336 |a text  |b txt  |2 rdacontent 
337 |a unmediated  |b n  |2 rdamedia 
338 |a volume  |b nc  |2 rdacarrier 
500 |a Includes index. 
504 |a Bibliography: page 142. 
650 0 |a Watercolor painting  |x Technique. 
650 0 |a Color in art. 
650 0 |a Composition (Art) 
999 |a MARS 
999 f f |s 0bd47950-201c-33fa-8208-ce61ad037fb1  |i 770bb705-8291-3087-b9cb-eab00a0a31d2  |t 0 
952 f f |p normal  |a Texas A&M University  |b College Station  |c Sterling C. Evans Library  |d Evans: Library Stacks  |t 0  |e ND2420 .S33 1981  |h Library of Congress classification  |i unmediated -- volume  |m A14806170274 
998 f f |a ND2420 .S33 1981  |t 0  |l Evans: Library Stacks